Japan's role in Soviet economic growth : Transfer of technology since 1965

Soviet-Japaneses copartnership; Civil Engineering projects; Forest processing industries; Coal industry developments; Oil industry developments...

Na minha lista:
Detalhes bibliográficos
Formato: Livro
Idioma:Undetermined
Publicado em: New York Praeger Publishers 1979
Assuntos:
Tags: Adicionar Tag
Sem tags, seja o primeiro a adicionar uma tag!
Thư viện lưu trữ: Trung tâm Học liệu Trường Đại học Cần Thơ
LEADER 00891nam a2200217Ia 4500
001 CTU_223716
008 210402s9999 xx 000 0 und d
082 |a 338.9147052 
082 |b M431 
245 0 |a Japan's role in Soviet economic growth : 
245 0 |b Transfer of technology since 1965 
245 0 |c Raymond S. Mathieson 
260 |a New York 
260 |b Praeger Publishers 
260 |c 1979 
520 |a Soviet-Japaneses copartnership; Civil Engineering projects; Forest processing industries; Coal industry developments; Oil industry developments... 
650 |a Nhật Bản,Nga,Japan,Russia 
650 |x Quan hệ kinh tế quốc tế,Quan hệ kinh tế quốc tế,Foreign economic relations,Foreign economic relations 
650 |z Nga,Nhật Bản,Russia,Japan 
904 |i Trúc 
980 |a Trung tâm Học liệu Trường Đại học Cần Thơ